| 000 | 00403 a2200157 4500 | ||
|---|---|---|---|
| 001 | 175620 | ||
| 020 | _a | ||
| 040 | _cMagnum | ||
| 100 | _a- | ||
| 240 | 1 | 0 |
_aA comissao construtora e o saneamento da nova capital _lpor |
| 245 | 1 | 0 | _aA comissao construtora e o saneamento da nova capital |
| 362 | 0 | _a1899 | |
| 440 | 1 | _aFundação João Pinheiro | |
| 697 | _aMAGNITO: ESTUDOS SOCIAIS | ||
| 942 | _cBK | ||
| 999 |
_c175620 _d175620 |
||